The German Secret Service, (Record no. 552208)
[ view plain ]
| 000 -LEADER | |
|---|---|
| fixed length control field | 00552cam a22001691 4500 |
| 082 ## - DEWEY DECIMAL CLASSIFICATION NUMBER | |
| Classification number | 940.40943 |
| Author Mark | NIC |
| 100 1# - MAIN ENTRY--PERSONAL NAME | |
| Personal name | Nicolai, W. |
| 9 (RLIN) | 49424 |
| 245 14 - TITLE STATEMENT | |
| Title | The German Secret Service, |
| Statement of responsibility, etc. | by W. Nicolai. Translated, with an additional chapter, by George Renwick. |
| 260 ## - PUBLICATION, DISTRIBUTION, ETC. | |
| Place of publication, distribution, etc. | London, |
| Name of publisher, distributor, etc. | S. Paul |
| Date of publication, distribution, etc. | [1924] |
| 300 ## - PHYSICAL DESCRIPTION | |
| Extent | 298 p. |
| Dimensions | 23 cm. |
| 526 ## - STUDY PROGRAM INFORMATION NOTE | |
| Program name | 0 |
| Interest level | 0 |
| Reading level | 0 |
| Title point value | 940_409430000000000_NIC |
| 650 #0 - SUBJECT ADDED ENTRY--TOPICAL TERM | |
| Topical term or geographic name entry element | MCE |
| 9 (RLIN) | 379 |
| 650 #0 - SUBJECT ADDED ENTRY--TOPICAL TERM | |
| Topical term or geographic name entry element | Spies. |
| 9 (RLIN) | 49425 |
| 650 #0 - SUBJECT ADDED ENTRY--TOPICAL TERM | |
| Topical term or geographic name entry element | World War, 1914-1918 |
| General subdivision | Secret service |
| Geographic subdivision | Germany. |
| 9 (RLIN) | 49369 |
| 700 1# - ADDED ENTRY--PERSONAL NAME | |
| Personal name | Renwick, George, |
| 9 (RLIN) | 49426 |
| 942 ## - ADDED ENTRY ELEMENTS (KOHA) | |
| Source of classification or shelving scheme | |
| Koha item type | Book |
| Withdrawn status | Lost status | Source of classification or shelving scheme | Damaged status | Not for loan | Permanent Location | Current Location | Shelving location | Date acquired | Total Checkouts | Full call number | Barcode | Date last seen | Price effective from | Koha item type |
|---|---|---|---|---|---|---|---|---|---|---|---|---|---|---|
| Military College of Engineering (MCE) | Military College of Engineering (MCE) | 01/12/2015 | 940.40943 NIC | MCE-ECG/11 | 01/12/2015 | 01/12/2015 | Book |
